Szczegóły MARC21

Elementy ekonomiki przemysłu /

003 -Nazwa inst., której nr kontr. jest w polu 001 [,]
    • @
    • Nazwa instytucji, której n kontrolny jest w polu 001
    • NUKAT
005 -DATA I CZAS OSTATNIEJ MODYFIKACJI [,]
    • @
    • pole kontrolne
    • 20241231110409.0
020 -Międzynarod. znormalizowany nr książki - ISBN [ , ]
    • a
    • Numer ISBN
    • 8385798617 Find
040 -Instytucja sporządzająca opis [ , ]
    • a
    • Instytucja, która sporządziła opis (NP)
    • KAT U/SK
    • c
    • Instytucja, która sporządziła rekord (NP)
    • KAT U/SK
    • d
    • Instytucja, która zmodyfikowała rekord (P)
    • KAT U/TK
942 -Rodzaj dokumentu [ , ]
    • c
    • Rodzaj dokumentu
    • Książka
245 -Strefa tytułu i oznaczenia odpowiedzialności [0,0]
    • a
    • Tytuł
    • Elementy ekonomiki przemysłu / Find
    • c
    • Pozostałe elementy strefy tytułu i oznaczenia odpowiedzialności (NP)
    • pod red. Władysława Janasza ; [aut. Maria Białasiewicz et al.] ; Uniwersytet Szczeciński.
260 -Strefa adresu wydawniczego [ , ]
    • a
    • Miejsce wydania (P)
    • Szczecin :
    • b
    • Nazwa wydawcy (P)
    • Wydawnictwo Naukowe Uniwersytetu Szczecińskiego,
    • c
    • Data wydania (P)
    • 1994.
300 -Strefa opisu fizycznego [ , ]
    • a
    • Określenie formy książki i/lub objętość (NP)
    • 505 s. :
    • b
    • Oznaczenie ilustracji (NP)
    • il. ;
    • c
    • Format (NP)
    • 24 cm.
336 -Typ zawartości [ , ]
    • a
    • Termin opisujący typ zawartości
    • Tekst
    • b
    • Kod określający zawartość
    • txt
    • 2
    • Źródło (terminu i kodu)
    • rdacontent
337 -Typ mediów [ , ]
    • a
    • Tryb odtwarzania
    • Bez urządzenia pośredniczącego
    • b
    • Kod typu mediów
    • n
    • 2
    • Źródło (terminu i kodu)
    • rdamedia
338 -Typ/rodzaj nośnika [ , ]
    • a
    • Hasło opisujące typ nośnika
    • Wolumin
    • b
    • Kod typu nośnika
    • nc
    • 2
    • Źródło (terminu i kodu)
    • rdacarrier
080 -Uniwersalna Klasyfikacja Dziesiętna [ , ]
    • a
    • Symbol klasyfikacji
    • 338.45
    • 2
    • Identyfikator wydania tablic
    • UDC-P058
    • 9
    • UKD
    • 3238
    • b
    • Dopowiedzenie
    • Przemysł. Produkcja rzemieślnicza i przemysłowa. Ekonomika przemysłu. Ekonomika produkcji. Polityka przemysłowa.
    • 4
    • UKD2
    • 7665
    • x
    • Poddział wspólny
    • (075.8)
    • c
    • Dopowiedzenie poddz. wspólnego
    • (Podręczniki dla szkół wyższych. Skrypty).
650 -Hasło przedmiotowe [ ,7]
    • a
    • Hasło przedmiotowe
    • Ekonomika przemysłu
    • v
    • Określnik formalny
    • podręczniki akademickie.
    • 2
    • Źródło terminu
    • kaba
    • 9
    • KHW
    • 359175
980 -Symbol UKD [ , ]
    • a
    • UKD
    • 338.45(075.8)
700 -Hasło dodatkowe - nazwa osobowa [1, ]
    • a
    • Nazwa osobowa (NP)
    • Janasz, Władysław Find
    • d
    • Daty biograficzne (NP)
    • (1940- ).
    • e
    • Określenie rodzaju współpracy
    • Red.
    • 9
    • KHW
    • 43427
700 -Hasło dodatkowe - nazwa osobowa [1, ]
    • a
    • Nazwa osobowa (NP)
    • Białasiewicz, Maria. Find
    • 9
    • KHW
    • 20620
710 -Hasło dodatkowe - nazwa ciała zbiorowego [2, ]
    • a
    • Nazwa ciała zbiorowego lub nazwa geograficzna jako pierwszy element (NP)
    • Uniwersytet Szczeciński.
    • b
    • Nazwa jednostki podrzędnej (P)
    • Wydawnictwo Naukowe.
    • 4
    • Kod relacji
    • pbl
    • 9
    • KHW
    • 51208
920 -ISBN [ , ]
    • a
    • ISBN
    • 83-85798-61-7 Find
Lokalizacja Data inwentaryzacji Numer inwentarzowy Sygnatura Status udost.
BE1999-03-19E.62767 -2
BE1999-03-19S.77480 2
BE1999-03-19S.77481 2
BE1999-03-19S.77482 2
BE1999-03-19S.77483 2
BE1999-03-19S.77484 2
BE1999-03-19S.77485 2
BE1999-03-19S.77486 2
BE1999-03-19S.77487 2
BE1999-03-19S.77488 2
BE1999-03-19S.77489 2
BE1999-03-19S.77490 2
BE1999-03-19S.77491 2
BE1999-03-19S.77492 2
BE1999-03-19S.77493 2
BE1999-03-19S.77494 2
BE1999-03-19S.77495 2
BE1999-03-19S.77496 2
BE1999-03-19S.77497 2
BE1999-03-19S.77498 2
BE1999-03-19S.77499 2
BE1997-09-30S.80924 -6
BE1997-09-30S.80925 2
BE1997-09-30S.80926 2
BE1997-09-30S.80927 2
BE1997-09-30S.80928 2
BE1997-09-30S.80929 2
BE1997-09-30S.80930 2
BE1997-10-15S.81191 -3
BE2000-11-03S.87123 -3
BG1999-03-19Z.85587Z.85587-3
T1999-03-19TS.77500 -11
T1999-03-19TS.77501 -11
T1999-03-19TS.77502 -11
T1999-03-19TS.77503 -11
T1999-03-19TS.77504 -11
T1999-03-19TS.77505 -11
T1999-03-19TS.77506 -11
T1999-03-19TS.77507 -11
T1999-03-19TS.77508 -11
T1999-03-19TS.77509 -11
T1999-03-19TS.77510 -11
T1999-03-19TS.77511 -11
T1999-03-19TS.77512 -11
T1999-03-19TS.77513 -11